000 00439nam a2200145Ia 4500
008 231129s2008||||xx |||||||||||||| ||spa||
020 _a978-958-45-0662-7
040 _bspa
082 _a158.1 G585a
100 _aGodin Seth
245 0 _aEl abismo: Un pequeño libro que le enseñará cuándo renunciar (y cuándo perseverar)
260 _c2008
264 _aGrupo Editorial Norma
942 _2ddc
_cBKS
999 _c10074
_d10074